000 00373nam a2200145Ia 4500
008 240624s9999 xx 000 0 und d
041 _aeng
082 _a657.3 LAL
100 _aLAL JAWAHAR
245 _aCORPORATE FINANCIAL REPORTING THEORY PRA
250 _a(3rd ed.)
260 _c2009
_aNew Delhi
_bTaxmann
300 _ai-19, : 541 : p. : cm. ; 24
365 _cRS
_b25
999 _c13443
_d13443